PLANTS, GENES, AND CROP BIOTECHNOLOGY (Record no. 216081)

MARC details
000 -LEADER
fixed length control field 00413nam a22001577a 4500
008 - FIXED-LENGTH DATA ELEMENTS--GENERAL INFORMATION
fixed length control field 250915b |||||||| |||| 00| 0 eng d
020 ## - INTERNATIONAL STANDARD BOOK NUMBER
International Standard Book Number 979-8-88715-018-5
100 ## - MAIN ENTRY--PERSONAL NAME
Personal name KANE OLIVE
245 ## - TITLE STATEMENT
Title PLANTS, GENES, AND CROP BIOTECHNOLOGY
260 ## - PUBLICATION, DISTRIBUTION, ETC.
Place of publication, distribution, etc. DUBLIN
Name of publisher, distributor, etc. ORYSON PRESS
Date of publication, distribution, etc. 2023
300 ## - PHYSICAL DESCRIPTION
Extent 271P.
500 ## - GENERAL NOTE
General note INCLUDES AN INDEX
650 ## - SUBJECT ADDED ENTRY
Topical term or geographic name entry element PLANT BIOTECHNOLOGY
942 ## - ADDED ENTRY ELEMENTS (KOHA)
Source of classification or shelving scheme Library of Congress Classification
Koha item type Long Loan Book
Holdings
Withdrawn status Lost status Source of classification or shelving scheme Damaged status Not for loan Collection Home library Current library Shelving location Date acquired Inventory number Total checkouts Full call number Barcode Date last seen Copy number Price effective from Koha item type Date last checked out
    Library of Congress Classification     Science & Technology Kisii University Library Kisii University Library On Display 09/15/2025 109497   QK 981 .K36 2023 000000023863 09/15/2025 C.1 09/15/2025 Long Loan Book  
    Library of Congress Classification     Science & Technology Kisii University Library Kisii University Library On Display 09/15/2025 109498 1 QK 981 .K36 2023 000000023864 03/04/2026 C.2 09/15/2025 Long Loan Book 02/25/2026
    Library of Congress Classification     Science & Technology Kisii University Library Kisii University Library On Display 09/15/2025 109499   QK 981 .K36 2023 000000023865 09/15/2025 C.3 09/15/2025 Long Loan Book  
    Library of Congress Classification     Science & Technology Kisii University Library Kisii University Library On Display 09/15/2025 109500 1 QK 981 .K36 2023 000000023866 03/11/2026 C.4 09/15/2025 Long Loan Book 02/26/2026